Statistiques concernant Coupes du Monde de Rugby: Les Quarts de finale

Cliquez ici pour prendre le quiz!

Statistiques générales

  • Ce quiz a été pris 231 fois
  • Le résultat moyen est 12 sur 13

Statistiques - réponses

Réponse% Correct
France
100%
Nouvelle-Zélande
100%
Angleterre
99%
Australie
99%
Ecosse
99%
Galles
99%
Irlande
99%
Afrique du Sud
98%
Argentine
97%
Japon
96%
Fidji
90%
Samoa
87%
Canada
71%

Distribution des résultats

Percentile par nombre de réponses

% des personnes avec chaque résultat

Votre développement - résultats

Vous n’avez pas pris ce quiz